000 00706nam a2200277Ia 4500
005 20260324111755.0
008 008 260324s9999 xx 000 0 eng d
020 _a9781003533054
037 _aEBOOK
040 _aCRL
040 _beng
040 _cCRL
041 _2eng
041 _aeng
084 _qCRL
100 _aNiharika Singh; Thipendra P. Singh; Brian Azzopardi
_91139962
245 0 _aAdvances in Autonomous Navigation through Intelligent Technologies
260 _bTaylor and Francis
260 _c2025
365 _a
365 _b320
856 _uhttp://www.taylorfrancis.com/books/9781003533054
942 _cEBOOK
999 _c1728881
_d1728881